Оценка параметров смеси распределений экспоненциального и Вейбулла при прогрессивном цензурировании; Измерительная техника; № 11

Dades bibliogràfiques
Parent link:Измерительная техника=Measurement Techniques: научно-технический журнал/ Российская Федерация, Федеральное агентство по техническому регулированию и метрологии (Ростехрегулирование) (Госстандарт России).— , 1940-1941, 1955-.— 0368-1025
№ 11.— 2002.— С. 10-12
Autor principal: Гродзенский С. Я.
Altres autors: Домрачев В. Г.
Idioma:rus
Publicat: 2002
Col·lecció:Общие вопросы метрологии и измерительной техники
Matèries:
Format: Capítol de llibre
KOHA link:https://koha.lib.tpu.ru/cgi-bin/koha/opac-detail.pl?biblionumber=383981

MARC

LEADER 00000naa2a2200000 4500
001 383981
005 20231101063210.0
035 |a (RuTPU)RU\TPU\prd\10111 
090 |a 383981 
100 |a 20030127a2002 k y0rusy50 ca 
101 0 |a rus 
102 |a RU 
200 1 |a  Оценка параметров смеси распределений экспоненциального и Вейбулла при прогрессивном цензурировании  |f С. Я. Гродзенский, В. Г. Домрачев 
225 1 |a Общие вопросы метрологии и измерительной техники 
320 |a Библиогр.: 5 назв. 
461 1 |0 (RuTPU)RU\TPU\prd\1509  |x 0368-1025  |t Измерительная техника  |l Measurement Techniques  |o научно-технический журнал  |f Российская Федерация, Федеральное агентство по техническому регулированию и метрологии (Ростехрегулирование) (Госстандарт России)  |d 1940-1941, 1955- 
463 1 |0 (RuTPU)RU\TPU\prd\9176  |t № 11  |v С. 10-12  |d 2002 
610 1 |a надежность 
610 1 |a распределение Вейбула и экспоненциальное 
610 1 |a смесь распределений 
610 1 |a метод максимального правдоподобия 
610 1 |a метод моментов 
675 |a 621.3.019.3  |v 3 
700 1 |a Гродзенский  |b С. Я. 
701 1 |a Домрачев  |b В. Г. 
801 1 |a RU  |b 63413507  |c 20030127  |g PSBO 
801 2 |a RU  |b 63413507  |c 20121217  |g RCR 
942 |c BK